| 000 | 01642nam a2200397 4500 | ||
|---|---|---|---|
| 001 | 0000024589 | ||
| 003 | CO-CtgCURN | ||
| 005 | 20250331185143.0 | ||
| 007 | ta | ||
| 008 | 160628s2009 000 0 eng d | ||
| 020 | _a9788480863896 | ||
| 040 |
_aCO-CtgCURN _bspa _ccoctgcurn |
||
| 082 | 0 |
_a610.736 _bC566 |
|
| 245 | 0 | 0 |
_aClasificacion de resultados de enfermeria (NOC) / _cSue Moorhead .. [et .. al], editores. |
| 250 | _a4a. Ed. | ||
| 260 |
_aAmsterdan : _bElsevier, _c2009. |
||
| 300 | _axxxvi; 871 p. | ||
| 336 | _2rdacontent | ||
| 337 |
_2rdamedia _asin mediacion _bn |
||
| 338 |
_2rdacarrier _avolumen _bnc |
||
| 500 | _aContiene apendices e indice detallado. | ||
| 505 | 8 | _aClasificacion de resultados de enfermeria: desarrollo, perfecciónamiento y uso en la practica, Investigación y enseñanza -- Taxonomia NOC -- Resultados -- Relaciones NOC - Patrones funcionales de salud -- Relaciones NOC-NANDA Internacional -- Resultados centrales segun especialiades de enfermeria -- Apendices | |
| 534 | _aNursing outcomes classification (NOC) | ||
| 650 | 1 | 4 |
_aDiagnostico _vEnfermeria _xClasificacion. |
| 650 | 1 | 4 |
_aDiagnostico _vEnfermeria _xNormas. |
| 700 | 1 |
_aMoorhead, Sue, _eEditor. |
|
| 700 | 1 |
_aJohnson, Marion, _eEditor. |
|
| 700 | 1 |
_aSwanson, Elizabeth, _eEditor. |
|
| 908 | _a160627 | ||
| 942 |
_cBK _h610.736 _iC566 _2ddc |
||
| 999 |
_c21442 _d21442 |
||